The church's confession under Hitler / (Record no. 122221)
[ view plain ]
| 000 -LEADER | |
|---|---|
| fixed length control field | 01038cam a2200349 i 4500 |
| 001 - CONTROL NUMBER | |
| control field | 4427913 |
| 003 - CONTROL NUMBER IDENTIFIER | |
| control field | ARRUPE |
| 005 - DATE AND TIME OF LATEST TRANSACTION | |
| control field | 20150226182250.0 |
| 008 - FIXED-LENGTH DATA ELEMENTS--GENERAL INFORMATION | |
| fixed length control field | 761227r1976 pau b 001 0 eng |
| 010 ## - LIBRARY OF CONGRESS CONTROL NUMBER | |
| LC control number | 76057655 |
| 020 ## - INTERNATIONAL STANDARD BOOK NUMBER | |
| International Standard Book Number | 091513828X : |
| 035 ## - SYSTEM CONTROL NUMBER | |
| System control number | (OCoLC)2695013 |
| 035 ## - SYSTEM CONTROL NUMBER | |
| System control number | (OCoLC)ocm02695013 |
| 035 ## - SYSTEM CONTROL NUMBER | |
| System control number | (NNC)4427913 |
| 040 ## - CATALOGING SOURCE | |
| Original cataloging agency | DLC |
| Transcribing agency | DLC |
| Modifying agency | NNUT |
| 043 ## - GEOGRAPHIC AREA CODE | |
| Geographic area code | e-gx--- |
| 050 0# - LIBRARY OF CONGRESS CALL NUMBER | |
| Classification number | BR856 |
| Item number | .C6 1976 |
| 090 ## - LOCALLY ASSIGNED LC-TYPE CALL NUMBER (OCLC); LOCAL CALL NUMBER (OCLC) | |
| Classification number (OCLC) (R) ; Classification number, CALL (RLIN) (NR) | BR856 |
| Local cutter number (OCLC) ; Book number/undivided call number, CALL (RLIN) | .C6 1976 |
| 300 ## - PHYSICAL DESCRIPTION | |
| Dimensions | 22 cm. |
| 100 1# - MAIN ENTRY--PERSONAL NAME | |
| Personal name | Cochrane, Arthur C. |
| 9 (RLIN) | 15610 |
| 245 14 - TITLE STATEMENT | |
| Title | The church's confession under Hitler / |
| Statement of responsibility, etc | by Arthur C. Cochrane. |
| 250 ## - EDITION STATEMENT | |
| Edition statement | 2d ed. |
| 260 ## - PUBLICATION, DISTRIBUTION, ETC. (IMPRINT) | |
| Place of publication, distribution, etc | Pittsburgh : |
| Name of publisher, distributor, etc | Pickwick Press, |
| Date of publication, distribution, etc | 1976. |
| 300 ## - PHYSICAL DESCRIPTION | |
| Extent | 325 p. ; |
| 490 1# - SERIES STATEMENT | |
| Series statement | Pittsburgh reprint series ; |
| Volume number/sequential designation | no. 4 |
| 500 ## - GENERAL NOTE | |
| General note | Includes index. |
| 504 ## - BIBLIOGRAPHY, ETC. NOTE | |
| Bibliography, etc | Bibliography: p. 307-320. |
| 630 00 - SUBJECT ADDED ENTRY--UNIFORM TITLE | |
| Uniform title | Barmer Theologische Erklärung. |
| 9 (RLIN) | 15611 |
| 650 #0 - SUBJECT ADDED ENTRY--TOPICAL TERM | |
| Topical term or geographic name as entry element | Church and state |
| Geographic subdivision | Germany |
| General subdivision | History |
| Chronological subdivision | 1933-1945. |
| 9 (RLIN) | 15612 |
| 830 #0 - SERIES ADDED ENTRY--UNIFORM TITLE | |
| Uniform title | Pittsburgh reprint series ; |
| Volume number/sequential designation | no. 4. |
| 9 (RLIN) | 15613 |
| 942 ## - ADDED ENTRY ELEMENTS (KOHA) | |
| Source of classification or shelving scheme | Library of Congress Classification |
| Koha item type | Monograph ( Printed materials) |
| Withdrawn status | Lost status | Source of classification or shelving scheme | Damaged status | Not for loan | Collection code | Home library | Current library | Shelving location | Date acquired | Total Checkouts | Full call number | Barcode | Date last seen | Price effective from | Koha item type |
|---|---|---|---|---|---|---|---|---|---|---|---|---|---|---|---|
| Library of Congress Classification | Main Collection | ARRUPE LIBRARY | ARRUPE LIBRARY | Main Collection | 26/02/2015 | BR856 .C6 1976 | 46500000963 | 26/02/2015 | 26/02/2015 | Monograph ( Printed materials) |